Statistics for Planets and Moons - Real and Fictional

Click here to take the quiz!

General Stats

  • This quiz has been taken 34,174 times
    (8,338 since last reset)
  • The average score is 14 of 22

Answer Stats

Hint Answer % Correct
Our planetEarth
100%
The Red PlanetMars
100%
Biggest planet in the solar systemJupiter
98%
Ringed planetSaturn
97%
It was demoted to "dwarf" planetPluto
97%
Planet whose name amuses
schoolchildren
Uranus
96%
Closest planet to the sunMercury
95%
Brightest planet in the skyVenus
93%
Furthest planet from the sunNeptune
92%
Superman's birth planetKrypton
79%
Luke Skywalker's home planetTatooine
59%
Ice world from "The Empire Strikes Back"Hoth
58%
Spock's planetVulcan
57%
Forest moon inhabited by EwoksEndor
48%
Moon of the above that may have
liquid water beneath its ice
Europa
46%
Yoda's planetDagobah
36%
Largest moon in the solar systemGanymede
35%
Theorized large planet beyond the abovePlanet X
30%
Moon from "Avatar"Pandora
30%
Superman planet
where everything is opposite
Bizarro World
(Htrae)
24%
Home world of the Time LordsGallifrey
23%
Transformers homeworldCybertron
20%

Score Distribution

Percentile by Number Answered

Percent of People with Each Score

Your Score History

You have not taken this quiz since the last reset